[Event "Montcalm 5 2017-18"]
[Site "Quebec CAN"]
[Date "2018.03.08"]
[Round "4"]
[White "Sauve, Richard"]
[Black "Cournoyer, Dominic"]
[Result "1-0"]
[WhiteElo "1919"]
[BlackElo "1968"]
[PlyCount "69"]
[EventDate "2018.02.15"]
[EventType "swiss"]
[EventRounds "5"]
[EventCountry "CAN"]

1. d4 Nf6 2. c4 e5 3. dxe5 Ng4 4. Bf4 Nc6 5. Nf3 Bb4+ 6. Nbd2 Qe7 7. e3 Ngxe5
8. Nxe5 Nxe5 9. Be2 O-O 10. O-O Bxd2 11. Qxd2 d6 12. Rfd1 Be6 13. Rac1 Ng6 14.
Bg3 b6 15. b4 Rad8 16. Qc3 f5 17. Bf3 f4 18. exf4 Nxf4 19. Qe3 Ng6 20. Re1 Rde8
21. Bc6 Qf7 22. Bxe8 Rxe8 23. Qd4 Ne7 24. b5 Nf5 25. Qf4 Qf6 26. a4 Rf8 27. Qd2
Bc8 28. Re2 Nd4 29. Re4 Nb3 30. Qd5+ Kh8 31. Rce1 Nc5 32. Rf4 Qd8 33. Rxf8+
Qxf8 34. Qf3 Qxf3 35. Re8+ 1-0

[Event "Montcalm 5 2017-18"]
[Site "Quebec CAN"]
[Date "2018.03.15"]
[Round "5"]
[White "Chabot, Sebastien"]
[Black "Lescarbeau, Martin"]
[Result "0-1"]
[WhiteElo "1283"]
[BlackElo "1651"]
[PlyCount "78"]
[EventDate "2018.02.15"]
[EventType "swiss"]
[EventRounds "5"]
[EventCountry "CAN"]

1. d4 d5 2. c4 e5 3. dxe5 d4 4. Nf3 Nc6 5. e3 Bb4+ 6. Bd2 dxe3 7. fxe3 Nge7 8.
Be2 Ng6 9. O-O Bxd2 10. Nbxd2 Be6 11. Ne4 Ngxe5 12. Nxe5 Nxe5 13. b3 O-O 14.
Qc2 Qh4 15. Rf4 Qh6 16. Raf1 Ng6 17. R4f3 Bg4 18. Rg3 Bxe2 19. Qxe2 Rae8 20.
Rh3 Nh4 21. Qg4 Qg6 22. Nf6+ gxf6 23. Qxh4 Kh8 24. Qd4 Re5 25. Rg3 Qh6 26. a4
Rfe8 27. Re1 c5 28. Qd7 R5e7 29. Qd5 b6 30. Qd3 Qh4 31. Qd5 Qe4 32. Qh5 f5 33.
Qg5 Qe5 34. Qh4 f4 35. Rh3 f5 36. Qh5 fxe3 37. Rexe3 Qd4 38. Kf2 Rxe3 39. Rxe3
Qxe3+ 0-1

[Event "Montcalm 5 2017-18"]
[Site "Quebec CAN"]
[Date "2018.03.15"]
[Round "5"]
[White "Cournoyer, Dominic"]
[Black "Sarra-Bournet, Marc"]
[Result "1-0"]
[WhiteElo "1968"]
[BlackElo "1921"]
[PlyCount "117"]
[EventDate "2018.02.15"]
[EventType "swiss"]
[EventRounds "5"]
[EventCountry "CAN"]

1. c4 e5 2. Nc3 Nf6 3. Nf3 Nc6 4. g3 Bb4 5. Bg2 O-O 6. O-O d6 7. d3 Bxc3 8.
bxc3 Ne7 9. Rb1 Rb8 10. c5 Ng6 11. cxd6 Qxd6 12. Qa4 a6 13. Ba3 c5 14. d4 Nd7
15. dxc5 Nxc5 16. Qc4 b6 17. Rfd1 Qc7 18. Bxc5 Be6 19. Qxa6 Qxc5 20. Ng5 Bc4
21. Qa7 h6 22. Ne4 Qe7 23. Rd7 Qe6 24. Rd6 Qc8 25. Rdxb6 Rxb6 26. Rxb6 Bxe2 27.
Rb7 Qc4 28. Qe3 Bh5 29. Nd2 Qe6 30. c4 Ne7 31. Rb6 Nf5 32. Rxe6 Nxe3 33. Rxe5
Nxg2 34. Rxh5 Ne1 35. Kf1 Nd3 36. Ra5 Rc8 37. Ke2 Nc5 38. Nb3 Nb7 39. Ra4 Nd6
40. c5 Nb7 41. Rc4 Kf8 42. a4 Ke8 43. a5 Kd7 44. a6 Nd8 45. Nd4 Nc6 46. Nxc6
Kxc6 47. Ra4 Kxc5 48. a7 Ra8 49. Ke3 Kb5 50. Ra2 Kb6 51. Ke4 Re8+ 52. Kd5 Rd8+
53. Ke5 Ra8 54. Kd6 Kb7 55. Ke7 f5 56. Kf7 g5 57. Kg6 f4 58. Kxh6 fxg3 59. hxg3
1-0

[Event "Montcalm 5 2017-18"]
[Site "Quebec CAN"]
[Date "2018.03.15"]
[Round "5"]
[White "Dumont, Eric"]
[Black "Auger, Bertrand"]
[Result "0-1"]
[WhiteElo "1721"]
[BlackElo "1915"]
[PlyCount "116"]
[EventDate "2018.02.15"]
[EventType "swiss"]
[EventRounds "5"]
[EventCountry "CAN"]

1. d4 Nf6 2. Bf4 b6 3. e3 Bb7 4. h3 g6 5. Nd2 Bg7 6. Ngf3 O-O 7. Bc4 d6 8. O-O
Nbd7 9. c3 c5 10. Re1 Rc8 11. Qb3 d5 12. Bf1 Ne4 13. Nxe4 dxe4 14. Ne5 Nf6 15.
Rad1 Bd5 16. Bc4 Bxc4 17. Qxc4 cxd4 18. Qxd4 Qxd4 19. Rxd4 Nh5 20. Bh2 f5 21.
Red1 Bf6 22. Rd7 Rc5 23. R1d5 Rfc8 24. g4 Rxd5 25. Rxd5 Ng7 26. Nd7 Bh4 27. Nb8
Bf6 28. Na6 e6 29. Rd7 b5 30. Bb8 b4 31. Bxa7 bxc3 32. bxc3 Rxc3 33. Bd4 Rc1+
34. Kg2 e5 35. Ba7 f4 36. exf4 exf4 37. Bb8 g5 38. Nb4 Rb1 39. Nc6 Rb2 40. a4
e3 41. Ne7+ Kf8 42. Nd5 Rxf2+ 43. Kg1 Bd4 44. Bd6+ Kg8 45. Ne7+ Kf7 46. Nf5+
Ke6 47. Re7+ Kd5 48. Nxd4 Kxd4 49. Rxg7 f3 50. Re7 Rg2+ 51. Kh1 Ra2 52. Be5+
Kd3 53. Rd7+ Ke2 54. Rf7 f2 55. Kg2 Rxa4 56. Bg3 Rf4 57. Bxf4 f1=Q+ 58. Kh2
gxf4 0-1

[Event "Montcalm 5 2017-18"]
[Site "Quebec CAN"]
[Date "2018.03.15"]
[Round "5"]
[White "Fecteau, Martin"]
[Black "Perreault, Jacquelin"]
[Result "0-1"]
[WhiteElo "1952"]
[BlackElo "1817"]
[PlyCount "166"]
[EventDate "2018.02.15"]
[EventType "swiss"]
[EventRounds "5"]
[EventCountry "CAN"]

1. d4 Nf6 2. c4 e6 3. g3 Bb4+ 4. Bd2 Bxd2+ 5. Nxd2 b6 6. Bg2 c6 7. Ngf3 d5 8.
O-O Bb7 9. Rc1 Nbd7 10. Re1 O-O 11. b4 Qe7 12. Qb3 a5 13. a3 axb4 14. axb4 Ra7
15. Ra1 Rfa8 16. Rxa7 Rxa7 17. c5 Qd8 18. e4 dxe4 19. Nxe4 Nxe4 20. Rxe4 Nf6
21. Re1 Nd5 22. Ne5 b5 23. Bxd5 exd5 24. Qe3 Qe7 25. Qd2 Qc7 26. Nc4 Ra8 27.
Nd6 h6 28. Qd3 Rd8 29. Nf5 Bc8 30. Ne7+ Kh8 31. Nxc8 Rxc8 32. Qf5 Kg8 33. Re3
Rd8 34. Kg2 Ra8 35. h4 Qc8 36. Qd3 Ra4 37. Qe2 Qf5 38. g4 Qb1 39. Re8+ Kh7 40.
Qf3 Ra1 41. Qf5+ Qxf5 42. gxf5 Rb1 43. Rc8 Rxb4 44. Rxc6 Rxd4 45. Rb6 b4 46.
Kf3 Rxh4 47. c6 Rc4 48. Ke3 b3 49. Rxb3 Rxc6 50. Kd4 Rc4+ 51. Kxd5 Rf4 52. Ke5
Rxf2 53. Rb7 f6+ 54. Ke4 h5 55. Rb3 Rg2 56. Kf4 Rg4+ 57. Kf3 Rg5 58. Kf4 g6 59.
Rb7+ Kh6 60. fxg6 Kxg6 61. Rb1 Rg4+ 62. Kf3 Kg5 63. Rb8 f5 64. Rg8+ Kf6 65.
Rf8+ Kg6 66. Rg8+ Kf7 67. Rh8 h4 68. Rh6 Kg7 69. Ra6 Rg6 70. Ra4 Rh6 71. Kf4
Kg6 72. Ra1 Rh5 73. Ra6+ Kg7 74. Ra7+ Kf6 75. Ra6+ Ke7 76. Rg6 h3 77. Rg1 h2
78. Rh1 Kf6 79. Kg3 Kg5 80. Rxh2 Rxh2 81. Kxh2 Kf4 82. Kg2 Ke3 83. Kf1 Kf3 0-1

[Event "Montcalm 5 2017-18"]
[Site "Quebec CAN"]
[Date "2018.03.15"]
[Round "5"]
[White "Leblanc-Legault, Mathieu"]
[Black "Garcia Casillas, Carlos"]
[Result "0-1"]
[WhiteElo "1727"]
[BlackElo "1742"]
[PlyCount "52"]
[EventDate "2018.02.15"]
[EventType "swiss"]
[EventRounds "5"]
[EventCountry "CAN"]

1. e3 Nf6 2. Nf3 g6 3. b3 Bg7 4. Bb2 d6 5. Bb5+ c6 6. Be2 O-O 7. O-O e5 8. c4
Re8 9. d4 e4 10. Nfd2 h5 11. h3 h4 12. Nc3 Nbd7 13. Qc2 Qe7 14. b4 Nf8 15. a4
Bf5 16. c5 d5 17. b5 N8h7 18. Rfb1 Ng5 19. Bf1 Nh5 20. Ne2 Bh6 21. Kh1 Nf3 22.
Ng1 Bxe3 23. Ngxf3 exf3 24. Bd3 fxg2+ 25. Kg1 Bxf2+ 26. Kxg2 Bxd3 0-1

[Event "Montcalm 5 2017-18"]
[Site "Quebec CAN"]
[Date "2018.03.15"]
[Round "5"]
[White "Pare, Marc"]
[Black "Sauve, Richard"]
[Result "1-0"]
[WhiteElo "2008"]
[BlackElo "1919"]
[PlyCount "67"]
[EventDate "2018.02.15"]
[EventType "swiss"]
[EventRounds "5"]
[EventCountry "CAN"]

1. e4 e6 2. Nf3 d5 3. Nc3 Nf6 4. e5 Nfd7 5. d4 c5 6. Ne2 Nc6 7. c3 Be7 8. g3
Qb6 9. Bh3 cxd4 10. cxd4 O-O 11. O-O Qa6 12. Be3 Nb6 13. b3 Bd7 14. Nf4 Rac8
15. a3 Rfd8 16. Re1 Na8 17. Nh5 Nc7 18. Bf1 Qb6 19. Bd3 Ne8 20. Ng5 h6 21. Nh7
g6 22. N7f6+ Nxf6 23. Nxf6+ Bxf6 24. exf6 Nxd4 25. Bxg6 e5 26. Bxf7+ Kxf7 27.
Qh5+ Ke6 28. f4 Kxf6 29. Qxe5+ Kf7 30. Bxd4 Qg6 31. f5 Qg5 32. Qxd5+ Kf8 33.
Bc5+ Rxc5 34. Qxc5+ 1-0

[Event "Montcalm 6 2017-18"]
[Site "Quebec CAN"]
[Date "2018.03.22"]
[Round "1"]
[White "Auger, Bertrand"]
[Black "Chabot, Sebastien"]
[Result "1-0"]
[WhiteElo "1906"]
[BlackElo "1278"]
[PlyCount "45"]
[EventDate "2018.03.22"]
[EventType "swiss"]
[EventRounds "5"]
[EventCountry "CAN"]

1. Nf3 Nf6 2. g3 Nc6 3. d4 e6 4. Bg2 d5 5. O-O Be7 6. c4 b6 7. Nc3 Bb7 8. cxd5
exd5 9. Bf4 Ne4 10. Nb5 Bd6 11. Nxd6+ Nxd6 12. Rc1 Qe7 13. Ne5 Nxe5 14. dxe5
Nc4 15. Rxc4 dxc4 16. Bxb7 Rd8 17. Qa4+ Kf8 18. Qc6 g5 19. Qh6+ Kg8 20. Bxg5
Qxe5 21. Bxd8 Qg7 22. Bg5 Qxb2 23. Rd1 1-0

[Event "Montcalm 6 2017-18"]
[Site "Quebec CAN"]
[Date "2018.03.22"]
[Round "1"]
[White "Cummins, Paul"]
[Black "Cournoyer, Dominic"]
[Result "0-1"]
[WhiteElo "1743"]
[BlackElo "1965"]
[PlyCount "58"]
[EventDate "2018.03.22"]
[EventType "swiss"]
[EventRounds "5"]
[EventCountry "CAN"]

1. e4 d5 2. exd5 c6 3. d4 cxd5 4. Nf3 Nf6 5. c3 e6 6. Bd3 Bd6 7. O-O O-O 8. Bg5
h6 9. Bh4 b6 10. Re1 Ba6 11. Ne5 Bxd3 12. Qxd3 Nbd7 13. Nxd7 Qxd7 14. Bxf6 gxf6
15. Nd2 Kg7 16. Qh3 Rh8 17. Qh5 Rag8 18. Nf1 Kf8 19. Ne3 Rg5 20. Qf3 f5 21. g3
Rhg8 22. Ng2 Qc7 23. c4 Qxc4 24. Rac1 Qxd4 25. Rc8+ Kg7 26. Rxg8+ Kxg8 27. Qe2
f4 28. Kh1 fxg3 29. hxg3 Re5 0-1

[Event "Montcalm 6 2017-18"]
[Site "Quebec CAN"]
[Date "2018.03.22"]
[Round "1"]
[White "Dumont, Eric"]
[Black "Sarra-Bournet, Marc"]
[Result "1/2-1/2"]
[WhiteElo "1710"]
[BlackElo "1878"]
[PlyCount "68"]
[EventDate "2018.03.22"]
[EventType "swiss"]
[EventRounds "5"]
[EventCountry "CAN"]

1. d4 d5 2. Bf4 Nf6 3. e3 e6 4. Bd3 Be7 5. h3 O-O 6. Nf3 c5 7. c3 Nc6 8. Nbd2
cxd4 9. exd4 Bd7 10. O-O Rc8 11. Ne5 Be8 12. Re1 Nxe5 13. dxe5 Nd7 14. Nf3 f5
15. Nd4 Nc5 16. Bc2 Bd7 17. Qh5 g5 18. Be3 Rf7 19. f4 Rg7 20. fxg5 Bxg5 21. Qf3
Ne4 22. Rad1 Bxe3+ 23. Rxe3 Ng5 24. Qf4 Qb6 25. Bb3 Ne4 26. Nxf5 exf5 27. Rxd5
Be6 28. Rd6 Nxd6 29. Bxe6+ Kh8 30. exd6 Rd8 31. d7 Qc6 32. Re2 Qc5+ 33. Kf1 Qb5
34. Qe5 Qxe5 1/2-1/2

[Event "Montcalm 6 2017-18"]
[Site "Quebec CAN"]
[Date "2018.03.22"]
[Round "1"]
[White "Gaulin, Elie"]
[Black "Perreault, Jacquelin"]
[Result "0-1"]
[WhiteElo "1157"]
[BlackElo "1819"]
[PlyCount "52"]
[EventDate "2018.03.22"]
[EventType "swiss"]
[EventRounds "5"]
[EventCountry "CAN"]

1. d4 Nf6 2. c4 e6 3. Nc3 Bb4 4. a3 Bxc3+ 5. bxc3 b6 6. Nf3 Bb7 7. Rb1 d6 8.
Bg5 Nbd7 9. e3 h6 10. Bh4 Qe7 11. h3 g5 12. Bg3 Ne4 13. Qc2 Nxg3 14. fxg3 O-O-O
15. Qa4 Kb8 16. c5 dxc5 17. Be2 e5 18. O-O exd4 19. Bb5 g4 20. hxg4 h5 21. exd4
hxg4 22. Rfe1 Qd6 23. dxc5 Nxc5 24. Qxg4 Rdg8 25. Qf4 Qxf4 26. gxf4 Bxf3 0-1

[Event "Montcalm 6 2017-18"]
[Site "Quebec CAN"]
[Date "2018.03.22"]
[Round "1"]
[White "Gaulin, Gaetan"]
[Black "Hines, Jason"]
[Result "1-0"]
[WhiteElo "1906"]
[BlackElo "1469"]
[PlyCount "79"]
[EventDate "2018.03.22"]
[EventType "swiss"]
[EventRounds "5"]
[EventCountry "CAN"]

1. c4 e6 2. Nf3 d5 3. g3 c5 4. Bg2 Nc6 5. O-O Nf6 6. cxd5 exd5 7. d4 cxd4 8.
Nxd4 Nxd4 9. Qxd4 h6 10. Nc3 Be6 11. Rd1 Qa5 12. Nxd5 Nxd5 13. Bxd5 Rd8 14. e4
Rd7 15. Be3 b5 16. Bc6 Qd8 17. Bxb5 h5 18. Qxa7 h4 19. Rac1 Bb4 20. Qb7 O-O 21.
Bxd7 Qf6 22. e5 Qxe5 23. Bxe6 fxe6 24. Qxb4 h3 25. Qg4 Rf6 26. Bd4 Qd5 27. Qxh3
Rh6 28. Qg4 e5 29. Be3 Qe6 30. Qxe6+ Rxe6 31. Rd7 Kh7 32. Rcc7 Rg6 33. h4 Rg4
34. Kh2 e4 35. Kh3 Rg6 36. h5 Rf6 37. Rxg7+ Kh8 38. Rgd7 Rf8 39. Rh7+ Kg8 40.
Rcg7# 1-0

[Event "Montcalm 6 2017-18"]
[Site "Quebec CAN"]
[Date "2018.03.22"]
[Round "1"]
[White "Pare, Marc"]
[Black "Garcia Casillas, Carlos"]
[Result "0-1"]
[WhiteElo "2038"]
[BlackElo "1756"]
[PlyCount "86"]
[EventDate "2018.03.22"]
[EventType "swiss"]
[EventRounds "5"]
[EventCountry "CAN"]

1. e4 c5 2. c3 Nf6 3. e5 Nd5 4. d4 cxd4 5. Qxd4 e6 6. Bc4 Nc6 7. Qe4 Nb6 8. Bb3
g6 9. Nf3 Bg7 10. O-O O-O 11. Bf4 Na5 12. Bg3 Nxb3 13. axb3 Nd5 14. Na3 Qb6 15.
Qc2 a6 16. Nc4 Qc7 17. Nd6 b5 18. Nxb5 Qb8 19. Nd6 a5 20. Ra3 Ba6 21. Rfa1 Qc7
22. Qd2 Bb7 23. c4 Ne7 24. Rxa5 Rxa5 25. Rxa5 Bxf3 26. gxf3 Nc6 27. Rb5 Qa7 28.
Kg2 Rb8 29. f4 Rxb5 30. Nxb5 Qb7 31. f3 Bf8 32. Bf2 Bh6 33. Be3 Ne7 34. b4 Nf5
35. Bf2 Ng7 36. Nd6 Qa8 37. Ne4 Nh5 38. Be3 Qd8 39. Kh3 Bf8 40. c5 Ng7 41. Nf6+
Kh8 42. Qxd7 Qa8 43. Ne4 Qd5 0-1

[Event "Montcalm 6 2017-18"]
[Site "Quebec CAN"]
[Date "2018.03.22"]
[Round "1"]
[White "Sauve, Richard"]
[Black "Leblanc-Legault, Mathieu"]
[Result "1-0"]
[WhiteElo "1961"]
[BlackElo "1721"]
[PlyCount "103"]
[EventDate "2018.03.22"]
[EventType "swiss"]
[EventRounds "5"]
[EventCountry "CAN"]

1. d4 Nf6 2. c4 e6 3. Nc3 d5 4. Bg5 Be7 5. Nf3 O-O 6. e3 h6 7. Bh4 b6 8. cxd5
Nxd5 9. Bxe7 Qxe7 10. Nxd5 exd5 11. Be2 Qb4+ 12. Qd2 Qxd2+ 13. Kxd2 Bb7 14.
Rhc1 c6 15. Rc3 Nd7 16. Rac1 Rfc8 17. b4 a5 18. b5 c5 19. Bd3 g6 20. h4 h5 21.
a4 Kg7 22. g3 f6 23. Bf1 c4 24. Bh3 f5 25. Bg2 Rf8 26. Ng5 Rae8 27. Rxc4 dxc4
28. Bxb7 Nf6 29. Rxc4 Re7 30. Bf3 Ne4+ 31. Bxe4 fxe4 32. Ke2 Rf6 33. Rc6 Rxc6
34. bxc6 Kf6 35. Kd2 Rc7 36. Nxe4+ Ke6 37. Nc3 Rf7 38. f4 Kd6 39. d5 Kc5 40.
Kd3 b5 41. axb5 a4 42. Nxa4+ Kxd5 43. e4+ Kd6 44. Kc4 Ra7 45. e5+ Ke7 46. Nc3
Ra1 47. b6 Kd8 48. Nb5 Rc1+ 49. Kd5 Rd1+ 50. Ke6 Rc1 51. c7+ Kc8 52. Nd6# 1-0

[Event "Montcalm 6 2017-18"]
[Site "Quebec CAN"]
[Date "2018.03.29"]
[Round "2"]
[White "Bourdeau, Yvan"]
[Black "Cummins, Paul"]
[Result "0-1"]
[WhiteElo "1439"]
[BlackElo "1743"]
[PlyCount "58"]
[EventDate "2018.03.22"]
[EventType "swiss"]
[EventRounds "5"]
[EventCountry "CAN"]

1. c4 e6 2. Nc3 Nf6 3. Nf3 b6 4. d4 d5 5. g3 Bb7 6. Bg2 Be7 7. O-O c6 8. cxd5
exd5 9. Qc2 O-O 10. Rd1 Nbd7 11. Bg5 h6 12. Bxf6 Nxf6 13. Rac1 Rc8 14. Bh3 Rc7
15. Nb5 Ne4 16. Nxc7 Qxc7 17. Ne5 c5 18. Bg2 Bg5 19. f4 Be7 20. dxc5 Bxc5+ 21.
Kf1 Qc8 22. b4 Bxb4 23. Qxc8 Bxc8 24. Rc7 Be6 25. Nd7 Bxd7 26. Rxd7 Nf6 27.
Bxd5 Nxd7 28. e4 Nf6 29. e5 Ng4 0-1

[Event "Montcalm 6 2017-18"]
[Site "Quebec CAN"]
[Date "2018.03.29"]
[Round "2"]
[White "Cournoyer, Dominic"]
[Black "Auger, Bertrand"]
[Result "0-1"]
[WhiteElo "1965"]
[BlackElo "1906"]
[PlyCount "130"]
[EventDate "2018.03.22"]
[EventType "swiss"]
[EventRounds "5"]
[EventCountry "CAN"]

1. c4 Nf6 2. Nc3 b6 3. Nf3 Bb7 4. g3 e6 5. Bg2 c5 6. O-O Be7 7. d4 cxd4 8. Nb5
a6 9. Nbxd4 O-O 10. b3 d6 11. Bb2 Nbd7 12. Ng5 Bxg2 13. Kxg2 Qc7 14. Kg1 Qb7
15. e3 h6 16. Qf3 Qxf3 17. Ngxf3 Rac8 18. Rac1 Ne4 19. Ne2 Ndf6 20. Nc3 Rc7 21.
Rfd1 Rfc8 22. Nxe4 Nxe4 23. Kg2 Rc6 24. Ba3 Kf8 25. Nd4 R6c7 26. f3 Nf6 27. Ne2
d5 28. Bxe7+ Kxe7 29. cxd5 Nxd5 30. Kf2 Rc2 31. Re1 Nb4 32. Rxc2 Rxc2 33. Kf1
Rxa2 34. Rb1 e5 35. h4 h5 36. f4 f6 37. fxe5 fxe5 38. Nc3 Rc2 39. Nd1 Ke6 40.
Nf2 Nd5 41. e4 Ne3+ 42. Ke1 Ng4 43. Nxg4 hxg4 44. Kf1 Rc3 45. Kf2 Rf3+ 46. Kg2
Re3 47. Ra1 Re2+ 48. Kf1 Rxe4 49. Rxa6 Rb4 50. Ra3 Kf5 51. Ke2 g6 52. Ke3 Re4+
53. Kf2 b5 54. Ra8 Rb4 55. Rf8+ Ke6 56. Re8+ Kf6 57. Rf8+ Ke7 58. Rg8 Kf7 59.
Rb8 Rxb3 60. Rb7+ Kf6 61. Rb6+ Kf5 62. Rb8 Ke4 63. Rb6 Rb2+ 64. Kg1 Kf3 65.
Rxg6 Kxg3 0-1

[Event "Montcalm 6 2017-18"]
[Site "Quebec CAN"]
[Date "2018.03.29"]
[Round "2"]
[White "Fecteau, Martin"]
[Black "Sauve, Richard"]
[Result "1/2-1/2"]
[WhiteElo "1902"]
[BlackElo "1961"]
[PlyCount "92"]
[EventDate "2018.03.22"]
[EventType "swiss"]
[EventRounds "5"]
[EventCountry "CAN"]

1. d4 d5 2. c4 e6 3. g3 c6 4. Bg2 Nd7 5. Nf3 Bd6 6. cxd5 exd5 7. O-O Ngf6 8.
Nc3 O-O 9. Qc2 Re8 10. Bf4 Bxf4 11. gxf4 Nf8 12. Ne5 Ng6 13. Nxg6 hxg6 14. e3
Bf5 15. Qe2 Qd7 16. Kh1 Bh3 17. Rg1 Bf5 18. Bf3 Ne4 19. Nxe4 Bxe4 20. Bxe4 Rxe4
21. Rac1 Rae8 22. Qf3 Qe7 23. a3 Qf6 24. Rg5 Qd8 25. Rcg1 R8e6 26. Qg3 Qc7 27.
Qh3 Rf6 28. R5g3 Rf5 29. Rg5 Qb6 30. Rxf5 gxf5 31. Qh6 g6 32. Rg3 Qb5 33. Kg2
Qe2 34. h4 Re6 35. h5 Qxb2 36. hxg6 Rxg6 37. Rxg6+ fxg6 38. Qxg6+ Kh8 39. Qxf5
Qb6 40. Qf8+ Kh7 41. Qf7+ Kh8 42. Qf8+ Kh7 43. f5 Qb1 44. Qf7+ Kh8 45. Qe8+ Kg7
46. Qe7+ Kg8 1/2-1/2

[Event "Montcalm 6 2017-18"]
[Site "Quebec CAN"]
[Date "2018.03.29"]
[Round "2"]
[White "Garcia-Casillas, Carlos"]
[Black "Dumont, Eric"]
[Result "1/2-1/2"]
[WhiteElo "1756"]
[BlackElo "1710"]
[PlyCount "86"]
[EventDate "2018.03.22"]
[EventType "swiss"]
[EventRounds "5"]
[EventCountry "CAN"]

1. e4 c6 2. d4 d5 3. exd5 cxd5 4. c4 Nf6 5. Nc3 Nc6 6. Nf3 g6 7. cxd5 Nxd5 8.
Qb3 e6 9. Bg5 Qa5 10. Bc4 Nb6 11. Bf6 Rg8 12. Be2 Nd5 13. Bg5 Bg7 14. Bd2 Qd8
15. O-O b6 16. Nxd5 Qxd5 17. Bc4 Qh5 18. d5 Ne5 19. dxe6 Nxf3+ 20. gxf3 f5 21.
Bb5+ Ke7 22. Bb4+ Kf6 23. e7 Bb7 24. Qc3+ Kg5 25. f4+ Kh6 26. Qg3 Bf6 27. e8=N
Bh4 28. Nd6 Bxg3 29. fxg3 Bd5 30. Rad1 Bxa2 31. Rfe1 Qf3 32. Rd3 Qh5 33. b3 Rg7
34. Bc3 Rc7 35. Bf6 Qh3 36. Bg5+ Kg7 37. Rde3 Kf8 38. Bf6 Rcc8 39. Nxc8 Rxc8
40. Be7+ Kg7 41. Bg5 Bb1 42. Re7+ Kf8 43. Bc4 Be4 1/2-1/2

[Event "Montcalm 6 2017-18"]
[Site "Quebec CAN"]
[Date "2018.03.29"]
[Round "2"]
[White "Hines, Jason"]
[Black "Pare, Marc"]
[Result "1-0"]
[WhiteElo "1469"]
[BlackElo "2038"]
[PlyCount "69"]
[EventDate "2018.03.22"]
[EventType "swiss"]
[EventRounds "5"]
[EventCountry "CAN"]

1. e4 d5 2. e5 c5 3. Nf3 Bg4 4. Be2 Nc6 5. Ng5 Bf5 6. e6 fxe6 7. Bg4 Qd7 8.
Bh5+ Bg6 9. Nxh7 Bxh5 10. Qxh5+ Kd8 11. Qf7 Nh6 12. Qg6 Ne5 13. Qg3 Rxh7 14.
Qxe5 Nf7 15. Qf4 g5 16. Qf3 e5 17. d3 e6 18. Bxg5+ Kc7 19. Bd2 Bd6 20. g3 Rf8
21. Qe2 Nh6 22. f3 Nf5 23. Qg2 Nd4 24. O-O Rhf7 25. Bh6 Rh8 26. Bg5 Rfh7 27. h4
Nf5 28. Qh3 e4 29. f4 exd3 30. cxd3 Be7 31. Nd2 Bxg5 32. fxg5 Nxh4 33. gxh4
Rxh4 34. Qg3+ Kc6 35. Nf3 1-0

[Event "Montcalm 6 2017-18"]
[Site "Quebec CAN"]
[Date "2018.03.29"]
[Round "2"]
[White "Leblanc-Legault, Mathieu"]
[Black "Gaulin, Elie"]
[Result "1-0"]
[WhiteElo "1723"]
[BlackElo "1157"]
[PlyCount "113"]
[EventDate "2018.03.22"]
[EventType "swiss"]
[EventRounds "5"]
[EventCountry "CAN"]

1. d4 d5 2. c4 e6 3. Nc3 Bb4 4. a3 Bxc3+ 5. bxc3 Ne7 6. Nf3 b6 7. e3 Bb7 8. Bd3
dxc4 9. Bxc4 O-O 10. O-O Nd7 11. a4 c5 12. Qe2 Qc7 13. Ba3 Rfd8 14. Rfc1 Nf6
15. Ba6 Rac8 16. a5 Ne4 17. axb6 axb6 18. Bb2 Nd5 19. Qd3 Ndf6 20. Ne5 Bxa6 21.
Qxa6 Nd7 22. Nxd7 Rxd7 23. Qd3 Nf6 24. h3 Rcd8 25. Qe2 Rd5 26. c4 Rh5 27. d5
Rh6 28. e4 exd5 29. Bxf6 Rxf6 30. exd5 Qd7 31. Re1 Rg6 32. Qe7 h6 33. Ra7 Qxe7
34. Rexe7 Rf6 35. Reb7 Rdd6 36. Rd7 g5 37. Rxd6 Rxd6 38. Rb7 Kg7 39. Kf1 Kg6
40. Ke2 f5 41. Ke3 Kf6 42. g4 fxg4 43. hxg4 h5 44. gxh5 Kf5 45. Kf3 g4+ 46. Kg3
Rh6 47. Rf7+ Kg5 48. Rg7+ Kxh5 49. Rxg4 Rf6 50. Re4 Kg5 51. f4+ Kg6 52. Re6
Rxe6 53. dxe6 Kf6 54. f5 b5 55. cxb5 c4 56. Kf3 c3 57. Ke2 1-0

[Event "Montcalm 6 2017-18"]
[Site "Quebec CAN"]
[Date "2018.03.29"]
[Round "2"]
[White "Perreault, Jacquelin"]
[Black "Gaulin, Gaetan"]
[Result "0-1"]
[WhiteElo "1819"]
[BlackElo "1906"]
[PlyCount "74"]
[EventDate "2018.03.22"]
[EventType "swiss"]
[EventRounds "5"]
[EventCountry "CAN"]

1. e4 g6 2. d4 Bg7 3. Nc3 d6 4. Nf3 a6 5. Be3 Nf6 6. h3 b5 7. Bd3 Bb7 8. a3
Nbd7 9. Qd2 c5 10. e5 cxd4 11. Bxd4 dxe5 12. Nxe5 Bxg2 13. Rg1 Nxe5 14. Bxe5
Bc6 15. O-O-O O-O 16. Qf4 Qc8 17. Ne4 Bxe4 18. Bxe4 Nxe4 19. Bxg7 Kxg7 20. Qxe4
Qc7 21. h4 Rac8 22. h5 f5 23. Qd4+ e5 24. Qd7+ Rf7 25. Qxc7 Rfxc7 26. c3 Rf8
27. Rd6 Rf6 28. Rd8 Re7 29. Kd2 e4 30. b3 f4 31. hxg6 hxg6 32. c4 bxc4 33. bxc4
e3+ 34. fxe3 fxe3+ 35. Kd3 e2 36. Re1 Rf3+ 37. Kd4 Rf1 0-1

[Event "Montcalm 6 2017-18"]
[Site "Quebec CAN"]
[Date "2018.03.29"]
[Round "2"]
[White "Sarra-Bournet, Marc"]
[Black "Le-Huu, Pascal"]
[Result "1-0"]
[WhiteElo "1878"]
[BlackElo "1225"]
[PlyCount "57"]
[EventDate "2018.03.22"]
[EventType "swiss"]
[EventRounds "5"]
[EventCountry "CAN"]

1. e4 e5 2. Nf3 Nf6 3. Nxe5 d6 4. Nf3 Nxe4 5. d4 Be7 6. Bd3 Bf5 7. O-O Nc6 8.
Be3 Qd7 9. c3 O-O-O 10. d5 Ne5 11. Be2 g5 12. Bxa7 Nxf3+ 13. Bxf3 h5 14. Be2
Bg4 15. f3 Ng3 16. hxg3 Bh3 17. g4 hxg4 18. fxg4 Rdf8 19. gxh3 Rxh3 20. Kg2
Rfh8 21. Bg1 Bd8 22. Na3 Qe7 23. Rf5 Qf8 24. Qa4 Kb8 25. Qa7+ Kc8 26. Qa8+ Kd7
27. Bb5+ c6 28. dxc6+ Ke8 29. c7+ 1-0

[Event "Montcalm 6 2017-18"]
[Site "Quebec CAN"]
[Date "2018.04.05"]
[Round "3"]
[White "Boissinot, Claude"]
[Black "Perreault, Jacquelin"]
[Result "0-1"]
[WhiteElo "1514"]
[BlackElo "1819"]
[PlyCount "68"]
[EventDate "2018.03.22"]
[EventType "swiss"]
[EventRounds "5"]
[EventCountry "CAN"]

1. e4 c5 2. d4 cxd4 3. c3 Nf6 4. e5 Nd5 5. Bc4 e6 6. Nf3 Be7 7. cxd4 Nb6 8. Bd3
Nc6 9. Nc3 d6 10. exd6 Bxd6 11. Be3 Bd7 12. Rc1 Rc8 13. O-O O-O 14. Bxh7+ Kxh7
15. Ng5+ Kg6 16. h4 f5 17. h5+ Kf6 18. Nh7+ Kf7 19. h6 Qh4 20. f4 Rh8 21. Ng5+
Kg6 22. Rf3 Rxh6 23. Rh3 Qg4 24. Rxh6+ gxh6 25. Nf3 Nd5 26. Nxd5 exd5 27. Qb3
Bxf4 28. Bxf4 Qxf4 29. Rc5 Nxd4 30. Qxd5 Nxf3+ 31. gxf3 Qe3+ 32. Kg2 Qxc5 33.
Qxd7 Qc6 34. Qd2 Qc2 0-1

[Event "Montcalm 6 2017-18"]
[Site "Quebec CAN"]
[Date "2018.04.05"]
[Round "3"]
[White "Cummins, Paul"]
[Black "Fecteau, Martin"]
[Result "1/2-1/2"]
[WhiteElo "1729"]
[BlackElo "1902"]
[PlyCount "115"]
[EventDate "2018.03.22"]
[EventType "swiss"]
[EventRounds "5"]
[EventCountry "CAN"]

1. e4 c5 2. Nf3 d6 3. d4 cxd4 4. Nxd4 Nf6 5. Nc3 a6 6. Bg5 e6 7. f3 Be7 8. Qd2
b5 9. O-O-O Bb7 10. Bd3 Nbd7 11. Kb1 d5 12. exd5 Nxd5 13. Ne4 N7f6 14. h4 h6
15. Nxf6+ Nxf6 16. Be3 Nd5 17. Bf2 Rc8 18. Rhe1 O-O 19. g4 Bd6 20. Be4 Qc7 21.
Bxd5 Bxd5 22. Be3 Be5 23. g5 h5 24. f4 Bxd4 25. Bxd4 Bf3 26. Rc1 Bg4 27. c3
Bf5+ 28. Ka1 Rfd8 29. Qf2 Rd5 30. Re5 Qc4 31. Rxd5 Qxd5 32. Re1 b4 33. Qe2 Bg4
34. Qe5 Qxe5 35. Rxe5 bxc3 36. bxc3 Rb8 37. Re1 Bf5 38. a3 Kf8 39. Ka2 g6 40.
Bf6 Bd3 41. Rd1 Bc4+ 42. Ka1 Bd5 43. c4 Bxc4 44. Rd8+ Rxd8 45. Bxd8 Ke8 46. Bf6
Kd7 47. Kb2 Kc6 48. Kc3 Kd5 49. Kd2 Ke4 50. Be5 Kf3 51. Ke1 Kg4 52. Kf2 Kxh4
53. Kg2 Kg4 54. Bd6 a5 55. Bc7 Bd5+ 56. Kh2 a4 57. Bd6 Kf3 58. Kh3 1/2-1/2